LEADER 02100nam0 22004213i 450 001 CAG0085244 005 20170908093249.0 100 $a20100608d2001 ||||0itac50 ba 101 | $aita 102 $ait 181 1$6z01$ai $bxxxe 182 1$6z01$an 200 1 $aPablo Picasso$e1881-1973$eil genio del secolo$fIngo F. Walther 210 $aRoma$cL'Espresso$d2001 215 $a95 p.$cill.$d23 cm 300 $aTitolo in copertina: Picasso 300 $aSupplemento a: L'Espresso, 2001, n. 35. 312 $aTit. in cop.: Picasso.$9LO10562916 500 10$aPablo Picasso.$3MOD0937118$9LO1V091519$91483757 517 1 $aPicasso.$9LO10562916 606 $aPicasso, Pablo$2FIR$3NAPC000221$9I 606 $aCubismo$2FIR$3NAPC041513$9I 676 $a759.6$9PITTURA. PENISOLA IBERICA$v19 700 1$aWalther$b, Ingo F.$3LO1V091519$4070$0559264 702 1$aPicasso$b, Pablo$3CFIV051221 790 1$aRuiz$b, Pablo$3CFIV051222$zPicasso, Pablo 790 1$aPicasso$b, Pablo Ruiz$3MILV172733$zPicasso, Pablo 801 3$aIT$bIT-NA0079$c20100608 850 $aIT-NA0614$aIT-AV0137$aIT-NA0299$aIT-BN0098$aIT-NA0580 912 $aCAG0085244 950 0$aBiblioteca Liceo scientifico Elio Vittorini$d 16BIBLIOTECA750 ESP pi$e 16 0000015995 B 1 v.$fT $h20100608$i20100608 950 0$aBiblioteca Comunale "Nunzia Festa"$b1 v.$c1 v.$d 94SAGGISTICAII 168$e 94 0000039535 B 1 v.$fT $h20111011$i20111011 950 0$aBiblioteca comunale di Afragola$d AGII S.12$e AG 0000114515 $fB $h20151112$i20151112 950 0$aCentro di cultura Raffaele Calabria$d CUF. PAREO D 127$e CU 0000009365 B FD3 1 v.$fC $i20111222 950 0$aBiblioteca del Pontificio Santuario Beata Vergine del Rosario$c1v.$d PSSALA A C.20.3. 18$e PS 0000038135 B 1v.$fZ $h20161103$i20161103 977 $a 16$a 94$a AG$a CU$a PS 996 $aPablo Picasso$91483757 997 $aUNISANNIO LEADER 01109nam0 22003133i 450 001 UBO2421371 005 20251003044422.0 010 $a1853128023 100 $a20090415d2004 ||||0itac50 ba 101 | $aeng 102 $agb 181 1$6z01$ai $bxxxe 182 1$6z01$an 200 1 $aDebris flow$ephenomenology and rheological modelling$fby G. Lorenzini and N. Mazza 210 $aSouthampton$aBoston$cWit Press$dc2004 215 $a202 p.$cill.$d25 cm. 606 $aFrane$2FIR$3CFIC031988$9E 676 $a551.3$9sedimentologia$v14 700 1$aLorenzini$b, Giulio$3UBOV603105$4070$0771980 701 1$aMazza$b, Natascia$3UBOV870791$4070$0771981 790 1$aLorenzini$b, G.$3TSAV638216$zLorenzini, Giulio 801 3$aIT$bIT-000000$c20090415 850 $aIT-BN0095 901 $bNAP 01$cSALA $n$ 912 $aUBO2421371 950 0$aBiblioteca Centralizzata di Ateneo$c1 v.$d 01SALA 551.3 LOR.de$e 0104 0000012915 VMA 1 v.$fA $h20090415$i20090415 977 $a 01 996 $aDebris flow$91575730 997 $aUNISANNIO